Представление документа в формате RUSMARC

Поле Инд. ПП Название Значение
Тип записи a
Библиографический уровень a
001 Контрольный номер 430a725e627e466e8890bc625bb0fb4d
005 Дата корректировки 20181120134001.6
100 a Данные общей обработки 20180918 ||| 0rusy0189 ca
101 0_ a Язык текста rus
102 a Страна публикации RU
200 1_ f Первые сведения об ответственности В.Н. Прокофьев
a Заглавие Конституционно-правовой опыт регламентации президентской власти во Французской Республике (история и современность)
b Общее обозначение материала Текст
210 d Дата издания 2017
461 _0 1 2000
a Конституционное и муниципальное право
463 _0 1 2000
a №4
v С. 49-54
1 2101
d 2017
1 001f310fb67973342d291da024a229e2c66
606 a Основная рубрика Международное право. Право отдельных стран
610 0_ a Ключевые слова КОНСТИТУЦИОННОЕ ПРАВО
a Ключевые слова ПРЕЗИДЕНТ
a Ключевые слова СТАТУС ПРАВОВОЙ
a Ключевые слова ФРАНЦИЯ
700 _1 a Фамилия Прокофьев
b Имя В.Н.
801 _0 a Страна RU
b Организация РГУП
c Дата составления 20180918
g Правила каталогизации PSBO
801 _1 a Страна RU
b Организация РГУП
c Дата составления 20180918
g Правила каталогизации PSBO
901 t Тип документа b
w Контрольный № источника f310fb67973342d291da024a229e2c66
905 a Дата ввода 20180918